Normal view
MARC view
- Mc Graw
Entry Personal Name
001 - CONTROL NUMBER
- control field: 112352
003 - CONTROL NUMBER IDENTIFIER
- control field: NUST
005 - DATE AND TIME OF LATEST TRANSACTION
- control field: 20230516100651.0
008 - FIXED-LENGTH DATA ELEMENTS
- fixed length control field: 230516|| aca||aabn | a|a d
040 ## - CATALOGING SOURCE
- Original cataloging agency: NUST
- Transcribing agency: NUST
100 ## - HEADING--PERSONAL NAME
- Personal name: Mc Graw
670 ## - SOURCE DATA FOUND
- Source citation: Work cat.: (NUST)176443: Mc Graw, Datapro / McGraw-Hill Guide to Apple Software /, c1983.
